Najwięksi producenci kukurydzy - Statystyki

Ogólne statystyki
  • Ten quiz został rozwiązany 204 razy
    91 od ostatniego zresetowania
  • Średni wynik to 7 z 10
Statystyki odpowiedzi
Ilość (tony) Państwo % Poprawnych
392 500 000t Stany Zjednoczone
97%
257 300 000t Chiny
92%
82 300 000t Brazylia
89%
27 800 000t Indie
85%
43 500 000t Argentyna
73%
13 800 000t Kanada
69%
27 200 000t Meksyk
68%
35 800 000t Ukraina
52%
30 300 000t Indonezja
48%
18 700 000t Rumunia
17%
Nie znaleziono quizów pasujących do podanych kryteriów
Rozkład punktacji
Procent ludzi z każdym wynikiem
Percentyl według liczby udzielonych odpowiedzi
Twoja historia wyników
Nie rozwiązałeś tego quizu od ostatniego zresetowania